Central & South America A-Z - Statistics

General Stats
  • This quiz has been taken 73 times
  • The average score is 15 of 26
Answer Stats
hint answer % Correct
E Guyana's official language English
87%
B Simón, the Venezuelan with a country named after him Bolívar
86%
Y eastern Mexican peninsula Yucatán
86%
J hot Mexican pepper, a popular snack jalapeño
81%
F British name of Islas Malvinas Falklands
79%
H southernmost point, Cape ____ Horn
78%
L third largest city, founded in 1535 Lima
76%
M Colombian city infamous for drug wars Medellín
73%
P Argentinian grassy lowlands pampas
70%
T lake that is home to Bolivia's navy Titicaca
70%
C French Guiana's capital Cayenne
67%
W sea trips to watch these are popular in Baja California whales
62%
K Jan 6, Three ___ Day, when children get their presents Kings
60%
R easternmost Brazilian city, pop 3.7 mil Recife
57%
Q native Peruvian language Quechua
54%
I waterfalls on Brazil-Argentina border Iguazu
52%
G Ecuador's largest city Guayaquil
51%
V Venezuelan city, a Spanish namesake pop 2 million Valencia
48%
N Peru's _____ Lines Nazca
44%
S Peru's currency sol
44%
Z Mexican peasant revolutionary, 1879-1919 Zapata
40%
O Brazil produces double any other country's production of these oranges
35%
D missing Pan-American highway link in Colombia, ______ Gap Darién
30%
U world's southernmost city Ushuaia
30%
A Bolivian plateau; high plain in Spanish Altiplano
29%
X Amazonian tributary, 1600 km / 1000 miles long Xingu
11%
No matching quizzes found
Score Distribution
Percent of People with Each Score
Percentile by Number Answered
Your Score History
You have not taken this quiz